00437cam a2200157ua 45000010005000000080039000050400009000440820010000531000025000632450086000882500009001742600036001833000022002196530014002416530024002552000110811n ii |||gr||||Z||||||eng cMAIN a370.1 aKar, B. C.,eAuthor.1 aTheory of education sociological & philosiphical bases of educationcby B. C. Kar a1st. aLucknow:bPrakashan Kendra,997. axvi; 424p:c23cm. aEducation aTheory of education